Sports Quiz

Random Sports or NBA Quiz

NBA All-Star Centers Quiz Stats

 Plays Quiz Updated Feb 20, 2018

Challenge
Share
Tweet
Embed
Score 0/134 Timer 07:00
65 Plays Today
Team Player % Correct
East (Orlando Magic)Shaquille O'Neal
95%
East (Orlando Magic)Shaquille O'Neal
95%
East (Orlando Magic)Shaquille O'Neal
95%
East (Orlando Magic)Shaquille O'Neal
95%
East (Miami Heat)Shaquille O'Neal
95%
East (Miami Heat)Shaquille O'Neal
95%
East (Miami Heat)Shaquille O'Neal
95%
West (Los Angeles Lakers)Shaquille O'Neal
95%
West (Los Angeles Lakers)Shaquille O'Neal
95%
East (Orlando Magic)Dwight Howard
94.4%
East (Orlando Magic)Dwight Howard
94.4%
East (Orlando Magic)Dwight Howard
94.4%
East (Orlando Magic)Dwight Howard
94.4%
East (Orlando Magic)Dwight Howard
94.4%
West (Los Angeles Lakers)Dwight Howard
94.4%
Team Lebron (New Orleans Pelicans)Anthony Davis
91.9%
West (San Antonio Spurs)Tim Duncan
91.8%
West (San Antonio Spurs)Tim Duncan
91.8%
West (San Antonio Spurs)Tim Duncan
91.8%
West (San Antonio Spurs)Tim Duncan
91.8%
West (San Antonio Spurs)Tim Duncan
91.8%
East (Boston Celtics)Bill Russell
91.4%
East (Boston Celtics)Bill Russell
91.4%
East (Boston Celtics)Bill Russell
91.4%
East (Boston Celtics)Bill Russell
91.4%
East (Boston Celtics)Bill Russell
91.4%
East (Boston Celtics)Bill Russell
91.4%
West (New Orleans Pelicans)Anthony Davis
90.7%
West (Memphis Grizzlies)Marc Gasol
90.1%
East (Chicago Bulls)Pau Gasol
90%
East (Philadelphia Warriors)Wilt Chamberlain
89.1%
East (Philadelphia Warriors)Wilt Chamberlain
89.1%
East (Philadelphia Warriors)Wilt Chamberlain
89.1%
East (Philadelphia 76ers)Wilt Chamberlain
89.1%
East (Philadelphia 76ers)Wilt Chamberlain
89.1%
East (Philadelphia 76ers)Wilt Chamberlain
89.1%
West (San Francisco Warriors)Wilt Chamberlain
89.1%
West (San Francisco Warriors)Wilt Chamberlain
89.1%
West (Los Angeles Lakers)Wilt Chamberlain
89.1%
West (Milwaukee Bucks)Kareem Abdul-Jabbar
88.5%
West (Milwaukee Bucks)Kareem Abdul-Jabbar
88.5%
West (Milwaukee Bucks)Kareem Abdul-Jabbar
88.5%
West (Los Angeles Lakers)Kareem Abdul-Jabbar
88.5%
West (Los Angeles Lakers)Kareem Abdul-Jabbar
88.5%
West (Los Angeles Lakers)Kareem Abdul-Jabbar
88.5%
Team Player % Correct
West (Los Angeles Lakers)Kareem Abdul-Jabbar
88.5%
West (Los Angeles Lakers)Kareem Abdul-Jabbar
88.5%
West (Los Angeles Lakers)Kareem Abdul-Jabbar
88.5%
West (Los Angeles Lakers)Kareem Abdul-Jabbar
88.5%
West (Los Angeles Lakers)Kareem Abdul-Jabbar
88.5%
West (Los Angeles Lakers)Kareem Abdul-Jabbar
88.5%
West (Houston Rockets)Hakeem Olajuwon
88.5%
West (Houston Rockets)Hakeem Olajuwon
88.5%
West (Houston Rockets)Hakeem Olajuwon
88.5%
West (Houston Rockets)Hakeem Olajuwon
88.5%
West (Houston Rockets)Hakeem Olajuwon
88.5%
West (Houston Rockets)Hakeem Olajuwon
88.5%
West (Houston Rockets)Hakeem Olajuwon
88.5%
West (Houston Rockets)Hakeem Olajuwon
88.5%
West (San Antonio Spurs)David Robinson
86.8%
West (San Antonio Spurs)David Robinson
86.8%
West (San Antonio Spurs)David Robinson
86.8%
West (Milwaukee Bucks)Lew Alcindor
86.2%
West (Houston Rockets)Yao Ming
85.5%
West (Houston Rockets)Yao Ming
85.5%
West (Houston Rockets)Yao Ming
85.5%
West (Houston Rockets)Yao Ming
85.5%
West (Houston Rockets)Yao Ming
85.5%
West (Houston Rockets)Yao Ming
85.5%
East (New York Knicks)Patrick Ewing
83.4%
East (New York Knicks)Patrick Ewing
83.4%
East (New York Knicks)Patrick Ewing
83.4%
East (Miami Heat)Chris Bosh
81.6%
Team Stephen (Philadelphia 76ers)Joel Embiid
81.4%
East (Detroit Pistons)Ben Wallace
78.8%
East (Detroit Pistons)Ben Wallace
78.8%
West (Los Angeles Clippers)Blake Griffin
75.5%
East (Cleveland Cavaliers)LeBron James
69.8%
East (Cleveland Cavaliers)LeBron James
69.8%
East (Miami Heat)Alonzo Mourning
67.2%
East (Atlanta Hawks)Dikembe Mutombo
66.7%
East (Atlanta Hawks)Dikembe Mutombo
66.7%
East (Philadelphia 76ers)Dikembe Mutombo
66.7%
East (Houston Rockets)Moses Malone
65.3%
East (Houston Rockets)Moses Malone
65.3%
East (Philadelphia 76ers)Moses Malone
65.3%
East (Philadelphia 76ers)Moses Malone
65.3%
East (Philadelphia 76ers)Moses Malone
65.3%
East (Washington Bullets)Moses Malone
65.3%
East (Washington Bullets)Moses Malone
65.3%
Team Player % Correct
East (Atlanta Hawks)Moses Malone
65.3%
West (Los Angeles Lakers)Andrew Bynum
64.7%
East (Boston Celtics)Robert Parish
60.7%
West (Portland Trail Blazers)Bill Walton
59.5%
West (Minneapolis Lakers)George Mikan
57.9%
West (Minneapolis Lakers)George Mikan
57.9%
West (Minneapolis Lakers)George Mikan
57.9%
West (Minneapolis Lakers)George Mikan
57.9%
West (Los Angeles Lakers)Kobe Bryant
51.7%
East (New York Knicks)Carmelo Anthony
49.8%
West (St. Louis Hawks)Bob Pettit
48.6%
West (St. Louis Hawks)Bob Pettit
48.6%
West (St. Louis Hawks)Bob Pettit
48.6%
East (New York Knicks)Willis Reed
48%
East (New York Knicks)Willis Reed
48%
East (Toronto Raptors)Antonio Davis
45.2%
East (Buffalo Braves)Bob McAdoo
39.2%
East (Buffalo Braves)Bob McAdoo
39.2%
East (Buffalo Braves)Bob McAdoo
39.2%
East (Boston Celtics)Dave Cowens
36.2%
East (Boston Celtics)Dave Cowens
36.2%
East (Boston Celtics)Dave Cowens
36.2%
East (Boston Celtics)Dave Cowens
36.2%
West (San Diego Rockets)Elvin Hayes
32.8%
West (San Diego Rockets)Elvin Hayes
32.8%
East (Chicago Bulls)Artis Gilmore
26.5%
East (Chicago Bulls)Artis Gilmore
26.5%
East (Syracuse Nationals)Dolph Schayes
22.2%
West (San Francisco Warriors)Nate Thurmond
18.6%
West (San Francisco Warriors)Nate Thurmond
18.6%
West (Denver Nuggets)Dan Issel
14.9%
West (Chicago Packers)Walt Bellamy
13.7%
West (Washington Bullets)Walt Bellamy
13.7%
East (Boston Celtics)Ed Macauley
9.8%
East (Boston Celtics)Ed Macauley
9.8%
East (Boston Celtics)Ed Macauley
9.8%
East (Boston Celtics)Ed Macauley
9.8%
East (Boston Celtics)Ed Macauley
9.8%
East (Philadelphia Warriors)Neil Johnston
6.9%
West (St. Louis Hawks)Clyde Lovellette
2.5%
West (St. Louis Hawks)Zelmo Beaty
2.5%
West (Ft. Wayne Pistons)Larry Foust
2.4%
West (Ft. Wayne Pistons)Larry Foust
2.4%
West (Detroit Pistons)Walter Dukes
1.3%

You're not logged in!

Compare scores with friends on all Sporcle quizzes.
OR
Log In

You Might Also Like...

Show Comments

Extras

Top Quizzes Today


Score Distribution

Your Account Isn't Verified!

In order to create a playlist on Sporcle, you need to verify the email address you used during registration. Go to your Sporcle Settings to finish the process.

Report this User

Report this user for behavior that violates our Community Guidelines.

Details: